LEADER 01395nam2 22003373i 450 001 RAV0057685 005 20251003044320.0 020 $aIT$b81-11073 100 $a20070216d1979 ||||0itac50 ba 101 | $aita 102 $ait 181 1$6z01$ai $bxxxe 182 1$6z01$an 183 1$6z01$anc$2RDAcarrier 200 1 $aˆ2: ‰Dall'impero di Roma a Bisanzio$fArmando Saitta 210 $aRoma$aBari$cLaterza$d1979 215 $a307 p.$d18 cm. 225 | $aUniversale Laterza$v541 410 0$1001CFI0000008$12001 $aUniversale Laterza$v541 461 1$1001CFI0031482$12001 $aProfilo di 2000 anni di storia$fArmando Saitta$v2 606 $aStoria$2FIR$3CFIC003410$9E 676 $a909$9STORIA MONDIALE$v21 676 $a937.63$9STORIA DELL'ANTICA PENISOLA ITALIANA E TERRITORI LIMITROFI FINO AL 476. Roma (prov.)$v22 700 1$aSaitta$b, Armando$3CFIV012635$4070$050346 801 3$aIT$bIT-000000$c20070216 850 $aIT-BN0095 $aIT-CE0130 $aIT-AV0007 $aIT-NA0079 $aIT-NA0189 $aIT-BN0015 912 $aRAV0057685 950 2$aBiblioteca Centralizzata di Ateneo$d 01POZZO LIB.ECON MON 3844$e 0101 0000124355E VMA 2 v. 2$fB $h20210325$i20210325 977 $a 01$a 26$a AV$a BN$a DP$a PB 996 $aDall'impero di Roma a Bisanzio$91770153 997 $aUNISANNIO